<?xml version="1.0" encoding="UTF-8"?><?xml-stylesheet type="text/xsl" href="static/style.xsl"?><OAI-PMH xmlns="http://www.openarchives.org/OAI/2.0/" xmlns:xsi="http://www.w3.org/2001/XMLSchema-instance" xsi:schemaLocation="http://www.openarchives.org/OAI/2.0/ http://www.openarchives.org/OAI/2.0/OAI-PMH.xsd"><responseDate>2026-04-28T03:56:26Z</responseDate><request verb="GetRecord" identifier="oai:riubu.ubu.es:10259/9891" metadataPrefix="marc">https://riubu.ubu.es/oai/request</request><GetRecord><record><header><identifier>oai:riubu.ubu.es:10259/9891</identifier><datestamp>2025-01-30T13:44:20Z</datestamp><setSpec>com_10259_9590</setSpec><setSpec>com_10259_5086</setSpec><setSpec>com_10259_2604</setSpec><setSpec>col_10259_9591</setSpec></header><metadata><record xmlns="http://www.loc.gov/MARC21/slim" xmlns:doc="http://www.lyncode.com/xoai" xmlns:xsi="http://www.w3.org/2001/XMLSchema-instance" xmlns:dcterms="http://purl.org/dc/terms/" xsi:schemaLocation="http://www.loc.gov/MARC21/slim http://www.loc.gov/standards/marcxml/schema/MARC21slim.xsd">
<leader>00925njm 22002777a 4500</leader>
<datafield tag="042" ind1=" " ind2=" ">
<subfield code="a">dc</subfield>
</datafield>
<datafield tag="720" ind1=" " ind2=" ">
<subfield code="a">Díez Cobo, Rosa María</subfield>
<subfield code="e">author</subfield>
</datafield>
<datafield tag="260" ind1=" " ind2=" ">
<subfield code="c">2023</subfield>
</datafield>
<datafield tag="520" ind1=" " ind2=" ">
<subfield code="a">El capítulo, desde una perspectiva comparada, examina la relevancia del entorno natural en la literatura gótica y fantástica, específicamente en relación con las casas encantadas. El texto se enmarca en los estudios ecogóticos, que vinculan las disrupciones fantásticas con elementos naturales. A través de ejemplos literarios como la icónica novela The Haunting of Hill House de la estadounidense Shirley Jackson y el relato «La Maga» de la española Elia Barceló, se explora la simbología de los jardines y espacios naturales adyacentes a las casas encantadas. Se revelará, así, su papel crucial en este tipo de narrativas y su capacidad para reflejar, entre otros, temas de género y poder.</subfield>
</datafield>
<datafield tag="024" ind2=" " ind1="8">
<subfield code="a">9783631895283</subfield>
</datafield>
<datafield tag="024" ind2=" " ind1="8">
<subfield code="a">9783631895269</subfield>
</datafield>
<datafield tag="024" ind2=" " ind1="8">
<subfield code="a">http://hdl.handle.net/10259/9891</subfield>
</datafield>
<datafield tag="024" ind2=" " ind1="8">
<subfield code="a">10.3726/b20497</subfield>
</datafield>
<datafield ind1=" " ind2=" " tag="653">
<subfield code="a">Ecogótico</subfield>
</datafield>
<datafield ind1=" " ind2=" " tag="653">
<subfield code="a">Casa encantada</subfield>
</datafield>
<datafield ind1=" " ind2=" " tag="653">
<subfield code="a">Narrativa fantástica</subfield>
</datafield>
<datafield ind1=" " ind2=" " tag="653">
<subfield code="a">Jardín como heterotopía</subfield>
</datafield>
<datafield ind1=" " ind2=" " tag="653">
<subfield code="a">Shirley Jackson</subfield>
</datafield>
<datafield ind1=" " ind2=" " tag="653">
<subfield code="a">Elia Barceló</subfield>
</datafield>
<datafield ind1=" " ind2=" " tag="653">
<subfield code="a">Feminismo y espacio natural</subfield>
</datafield>
<datafield tag="245" ind1="0" ind2="0">
<subfield code="a">Más allá de la casa encantada: la monstruosidad fantástica del espacio natural</subfield>
</datafield>
</record></metadata></record></GetRecord></OAI-PMH>